000 00517nam a22001937b 4500
001 bimo0001823898
003 OSt
005 20130502160849.0
008 021120s1948 ag | ||| ||spa
035 _a(OCoLC)503250144
040 _aSpMaBN
_cBMC
082 _aVe863.44
100 _aGallegos, Rómulo
_d1884-1969
_9132
245 1 3 _aLa rebelión y otros cuentos
_cRómulo Gallegos
260 _aBuenos Aires
_bEspasa-Calpe Argentina
_c1948
300 _a148 p.
_c18 cm
490 0 _aAustral
_v851
942 _2ddc
_cBK
999 _c349
_d349